000 00797cam a2200253 4500
008 090401t1996 xxu||||| |||| 00| 0 eng d
020 _a1898001065
035 _a(Sirsi) u26671
041 _aeng
050 _a690.24
100 _aReddin, Patrick
245 _aDealing with disrepair : a guide to inspection and diagnosis.
260 _aLondon
_bLemos & Crane
_c1996
300 _axviii,214p. ; 21cm.
350 _a16.95
490 _aArden`s Housing Library
_v6
520 _aA simple guide to housing disrepair, providing a step by step guide to recording and diagnosing disrepair.
650 _aBUILT ENVIRONMENT-BUILDING INSPECTION
650 _aBUILT ENVIRONMENT-BUILDING MATERIALS
650 _aREPAIRS
690 _aBUILT ENVIRONMENT
942 _n0
948 _c04/03/1997
999 _c88964
_d88964